=LDR 00000nam 2200000 4500 =001 INLIS000000000012037 =005 20130612103602 =008 ***********************************Ind** =035 ##$$0010-061300000012037 =041 ##$$a Ind =082 ##$$a 576.648 2 =090 ##$$a 576.648 2, Sta d =100 ##$$a Stanier, Roger y =245 ##$$a Dunia Mikroba, Roger Y. Stanier ; Penerjemah, Agustin widya Gunawan dkk =260 ##$$a 1982 $b Jakarta =300 ##$$a ...Jil, Ilus, 21 cm =650 ##$$a Mikroba =700 ##$$a Gunawan, Agustina Widea =850 ##$$a NBPNMAT